| 000 | 01173 a2200157 4500 | ||
|---|---|---|---|
| 003 | Nust | ||
| 005 | 20230403115624.0 | ||
| 040 | _cNust | ||
| 082 | _a920,CHE | ||
| 100 |
_aChester, Francis _9111678 |
||
| 245 |
_aShot Full : _bThe Autobiography of Drug Addict / _cFrancis Chester |
||
| 260 |
_aLondon _bMethuen & co _61938 |
||
| 300 | _a306;p | ||
| 505 | _aThe Man Trap Closes (Page-1), A Lone Hand (Page-10), The White Mahatma (Page-19), Hyping and Grafting (Page-29), Evangelizing and other Games (Page-35), Barking and Doping (Page-43), The Life and Soul of Toronto Junkers (Page-56), Fighting for my Country (Page-64), Invalided out (Page-73), The Last of Snuffy (Page-82), Marijuana (Page-96), Death Among the Hamburgers (Page-108), I Get Married (Page-118), Deprived and Depraved (Page-127), Junk-Fishing (Page-138), England ,Home and Beauty (Page-153), A Lubberly Sea-Cook (Page-178), We have a Mission (Page-186), Home Sweet Home (Page-194), I Graduate with Honours (Page-210), I break my Fetters (Page-224), I Begin my Crusade (Page-249), Fighting the Drug-Traffickers (Page-260), I Continue the Fight (Page-278), Pleasant Company (Page-285). | ||
| 942 |
_2ddc _cBK |
||
| 999 |
_c187027 _d187027 |
||